000 00679cam a2200229ua 4500
001 10166
008 170921n ii |||gr||||Z||||||asm
020 _a9789382030638
040 _cMAIN
041 _aasm
082 _a371.3
100 _aDas, Subhash Chandra,
_eAuthor.
245 _aMethods, techniques and practice of teaching (A)
_cBy Subhash Chandra Das, Jogesh Changmai and Rantu Gohain
250 _a1st ed.
260 _aJorhat:
_bUnika prakashan,
_c2015.
300 _a312p.
653 _aSchools & their activities special education
653 _aMethods of teaching
700 _aChangmai, Jogesh,
_eAuthor.
700 _aGohain, Rantu,
_eAuthor.
942 _cBK
999 _c9163
_d9163